| 000 | 01433cam a2200397 a 4500 | ||
|---|---|---|---|
| 001 | 123315 | ||
| 005 | 20230410103915.0 | ||
| 008 | 110428s2011 ii af b 001 0 eng | ||
| 035 | _a16777759 | ||
| 925 | 0 |
_aacquire _b1 shelf copy _xpolicy default |
|
| 942 |
_2lcc _cbk |
||
| 010 | _a 2011323164 | ||
| 020 | _a9788124116142 | ||
| 025 | _aI-E-2011-323164; 63-91; 63-12 | ||
| 035 | _a(IN-NdUBS) 2011323164 | ||
| 037 | _bLibrary of Congress -- New Delhi Overseas Office | ||
| 040 |
_aDLC _cDLC _dDLC |
||
| 042 |
_alcode _apcc |
||
| 043 |
_aa-ce--- _aa-ii--- |
||
| 050 | 1 | 4 |
_a433 DS 489.84 _bM214m 2011 |
| 100 | 1 |
_aMaharotra, Lakhana, _d1934- |
|
| 245 | 1 | 0 |
_aMy days in Sri Lanka / _cLakhan Mehrotra. |
| 260 |
_aNew Delhi : _bHar Anand Publications, _c2011. |
||
| 300 |
_a254 p., [4] p. of plates : _bcol. ill. ; _c23 cm. |
||
| 504 | _aIncludes bibliographical references (p. [249]-250) and index. | ||
| 651 | 0 |
_aSri Lanka _xHistory _yCivil War, 1983-2009 _vPersonal narratives, East Indian. |
|
| 610 | 2 | 0 | _aIndian Peace Keeping Force. |
| 610 | 2 | 0 | _aTamioliola Viòtutalaippulikaòl (Association) |
| 650 | 0 |
_aTamil (Indic people) _zSri Lanka _xPolitics and government. |
|
| 651 | 0 |
_aSri Lanka _xPolitics and government. |
|
| 651 | 0 |
_aIndia _xRelations _zSri Lanka. |
|
| 651 | 0 |
_aSri Lanka _xRelations _xIndia. |
|
| 651 | 4 |
_aSri Lanka _xPolítica y gobierno. |
|
| 651 | 4 |
_aSri Lanka _xHistoria. |
|
| 985 | _eODE-nd-vr-ubs | ||
| 999 |
_c28183 _d28183 |
||